[Event "Memorial M.Chigorin (open)"]
[Site "masterchessopen.com St. Petersburg (Russia)"]
[Round "4"]
[White "Bocharov Dmitry (RUS)"]
[Black "Kirusha Andrey (RUS)"]
[Result "1-0"]
[WhiteElo "2612"]
[BlackElo "2380"]

1.c4 Nf6 2.d4 g6 3.g3 Bg7 4.Bg2 d5 5.cxd5 Nxd5 6.e4 Nb6 7.Ne2 c5 8.d5 O-O
9.O-O e6 10.Nec3 exd5 11.exd5 Bf5 12.Na3 Na6 13.d6 Qd7 14.Bg5 Nb4 15.Qd2 Rfe8
16.Rfe1 Bd3 17.Ne4 Bxe4 18.Rxe4 Rxe4 19.Bxe4 Re8 20.Bg2 Bd4 21.Rd1 Nc8 22.Bf4
b5 23.Be3 Bxe3 24.fxe3 Re6 25.Nxb5 a6 26.Nc3 Rxd6 27.Bd5 Qe7 28.e4 Qe5 29.Qf2
Nxd5 30.exd5 Nb6 31.Qxc5 Nd7 32.Qd4 Qxd4+ 33.Rxd4 f5 34.Kf2 Kf7 35.Ke3 Kf6
36.Rh4 h5 37.Rc4 Ne5 38.Rc7 Ng4+ 39.Kd4 Nxh2 40.Rc6 Rxc6 41.dxc6 Ke7 42.Kd5
Kd8 43.Kd6 {#r} 1-0

[Event "Memorial M.Chigorin (open)"]
[Site "masterchessopen.com St. Petersburg (Russia)"]
[Date "2010.11.04"]
[Round "8"]
[White "Hamitevici Vladimir (MDA)"]
[Black "Abramichev Artyom (RUS)"]
[Result "1-0"]
[WhiteElo "2415"]
[BlackElo "2072"]

1.d4 Nf6 2.c4 g6 3.g3 d5 4.cxd5 Nxd5 5.Bg2 Bg7 6.e4 Nb6 7.Ne2 O-O 8.O-O c5
9.d5 Na6 10.Nec3 Bd7 11.a4 Nc4 12.Qe2 Na5 13.Bg5 Nb3 14.Ra3 Nd4 15.Qd1 h6
16.Bf4 Qb6 17.Qd2 Nb3 18.Qd1 Nd4 19.b3 e5 20.dxe6 Qxe6 21.Nd5 Bc6 22.Nbc3 Rad8
23.Ra2 Kh7 24.Rd2 Rfe8 25.h4 f6 26.Be3 f5 27.h5 fxe4 28.Nf4 Qxb3 29.hxg6+ Kg8
30.Qxb3+ Nxb3 31.Rxd8 Rxd8 32.Nxe4 Nd4 33.Nh5 Bxa4 34.f4 Bb5 35.Rb1 Be2
36.Nxg7 Kxg7 37.Rxb7+ Kxg6 38.Rxa7 Bb5 39.g4 Rd7 40.Rxa6+ Bxa6 41.Nxc5 Ne2+
42.Kf2 Rd6 43.f5+ Kg7 44.Nxa6 {#r} 1-0

[Event "Bundesliga 2010/11 (w)"]
[Site "masterchessopen.com Germany"]
[Date "2010.11.07"]
[Round "2"]
[White "Straub Natalia (GER)"]
[Black "Beltz Franziska (GER)"]
[Result "1-0"]
[WhiteElo "2224"]
[BlackElo "2137"]

1.d4 Nf6 2.c4 g6 3.g3 Bg7 4.Bg2 d5 5.cxd5 Nxd5 6.e4 Nb6 7.Ne2 e5 8.d5 O-O
9.O-O c6 10.Nbc3 Na6 11.b3 cxd5 12.exd5 f5 13.Ba3 Rf7 14.d6 Be6 15.Nd5 Nxd5
16.Bxd5 Qf6 17.Nc3 Bf8 18.Bxe6 Qxe6 19.Qd5 Qf6 20.Nb5 Rd8 21.Rad1 f4 22.f3
fxg3 23.hxg3 Qf5 24.Kg2 Kh8 25.g4 Qf6 26.Nc3 Rfd7 27.Ne4 Qf4 28.Bc1 Qf7
29.Qxe5+ Bg7 30.Qh2 Rc8 31.Ng5 Qg8 32.Rh1 Bf6 33.Ne4 Bg7 34.Bg5 Rc2+ 35.Rd2
Rxd2+ 36.Bxd2 Bd4 37.Bg5 Qe6 38.Rc1 Rf7 39.Qh1 Nc5 40.Qd1 Nxe4 41.Qxd4+ Nf6
42.Bxf6+ Qxf6 43.Qxf6+ Rxf6 44.d7 {#r} 1-0

[Event "Ch Slovakia (team) 2010/11 (2 liga) (a)"]
[Site "masterchessopen.com Slovakia"]
[Date "2010.12.05"]
[Round "4"]
[White "Bronis Marian (SVK)"]
[Black "Certek Pavel (SVK)"]
[Result "1-0"]
[WhiteElo "2136"]
[BlackElo "2250"]

1.d4 Nf6 2.c4 g6 3.g3 Bg7 4.Bg2 d5 5.cxd5 Nxd5 6.e4 Nb6 7.Ne2 c5 8.d5 e6
9.Nbc3 exd5 10.exd5 O-O 11.h3 Na6 12.O-O Nc4 13.b3 Nd6 14.Bf4 h6 15.Rc1 g5
16.Bxd6 Qxd6 17.Ne4 Qb6 18.N2c3 Bd7 19.d6 Bc6 20.Nd5 Bxd5 21.Qxd5 Bd4 22.Rfd1
Kg7 23.Qf5 Qd8 24.Nxc5 Bxc5 25.Bxb7 Ba3 26.Rc4 Rb8 27.Bxa6 Rb6 28.Ra4 Rxd6
29.Bd3 Rxd3 30.Rxd3 Qe7 31.Rd7 Qe1+ 32.Kg2 Bb2 33.Raxa7 Bf6 34.Qd5 Qe8 35.b4
Kg8 36.b5 Qe5 37.Qxe5 Bxe5 38.a4 Kg7 39.a5 Kg6 40.g4 Kf6 41.a6 Bf4 42.Rxf7+
{#r} 1-0

[Event "Ch Europe (active)"]
[Site "masterchessopen.com Warsaw (Poland)"]
[Date "2010.12.18"]
[Round "6"]
[White "Wojtaszek Radoslaw (POL)"]
[Black "Schmidt Wlodzimierz (POL)"]
[Result "1-0"]
[WhiteElo "2711"]
[BlackElo "2394"]

1.d4 Nf6 2.c4 g6 3.g3 Bg7 4.Bg2 d5 5.cxd5 Nxd5 6.e4 Nb6 7.Ne2 c5 8.d5 e6
9.Nbc3 O-O 10.O-O exd5 11.Nxd5 Nxd5 12.exd5 Bf5 13.Nc3 c4 14.Bf4 Nd7 15.d6 Bd3
16.Re1 Nc5 17.Bd5 Bf6 18.Qf3 Qd7 19.Be3 Bxc3 20.bxc3 Qxd6 21.Bh6 Rad8 22.Bxf8
Qxd5 23.Qxd5 Rxd5 24.Re8 {#r} 1-0

[Event "Cup Rilton"]
[Site "masterchessopen.com Stockholm (Sweden)"]
[Round "5"]
[White "Johansson Linus (SWE)"]
[Black "Olund Joar (SWE)"]
[Result "1-0"]
[WhiteElo "1966"]
[BlackElo "2024"]

1.d4 Nf6 2.c4 g6 3.g3 d5 4.cxd5 Nxd5 5.Bg2 Bg7 6.e4 Nb6 7.Ne2 e5 8.d5 O-O
9.O-O f5 10.a4 Nc4 11.Na3 Nd6 12.f3 a6 13.Be3 Nd7 14.Qc2 b5 15.Rac1 b4 16.Nc4
a5 17.b3 Qe7 18.Rfe1 Kh8 19.Nb2 fxe4 20.fxe4 Bb7 21.Nd3 Rfc8 22.Nc5 Nxc5
23.Bxc5 Qd7 24.Qd2 Nf7 25.Rf1 Kg8 26.h4 Bh6 27.Rxf7 Bxd2 28.Rxd7 Bxc1 29.Nxc1
Ba6 30.Bf1 Bxf1 31.Kxf1 c6 32.d6 Rf8+ 33.Ke2 Rf7 34.Rc7 Rxc7 35.dxc7 Kf7
36.Nd3 Ke6 37.Bb6 Kd6 38.Bxa5 c5 39.Bb6 c4 40.bxc4 b3 41.a5 Rf8 {#r} 1-0

[Event "It \"]
[Site "masterchessopen.com Cammeray (Australia)"]
[Date "2011.01.02"]
[Round "1"]
[White "Nakauchi Gene (AUS)"]
[Black "Rachmadi Herman (AUS)"]
[Result "1-0"]
[WhiteElo "2116"]
[BlackElo "1840"]

1.d4 Nf6 2.c4 g6 3.g3 d5 4.cxd5 Nxd5 5.Bg2 Bg7 6.e4 Nb6 7.Ne2 O-O 8.O-O Na6
9.Nbc3 c6 10.h3 e6 11.e5 Nd5 12.Ne4 Qa5 13.N2c3 b5 14.Bg5 h6 15.Nxd5 exd5
16.Nf6+ Kh8 17.Qc1 hxg5 18.Qxg5 Bxf6 19.Qh6+ {#r} 1-0

[Event "Ch Poland"]
[Site "masterchessopen.com Warsaw (Poland)"]
[Date "2011.02.13"]
[Round "2"]
[White "Gajewski Grzegorz (POL)"]
[Black "Tazbir Marcin (POL)"]
[Result "1-0"]
[WhiteElo "2607"]
[BlackElo "2520"]

1.d4 Nf6 2.c4 g6 3.g3 Bg7 4.Bg2 d5 5.cxd5 Nxd5 6.e4 Nb6 7.Ne2 c5 8.d5 e6 9.O-O
O-O 10.Nec3 Na6 11.a4 exd5 12.exd5 Bf5 13.g4 Bxb1 14.Rxb1 Nb4 15.Be3 Rc8
16.Ne4 Nd7 17.g5 b6 18.Qg4 Nxd5 19.Rbd1 Nxe3 20.fxe3 Ne5 21.Qh4 Qc7 22.Nf6+
Bxf6 23.gxf6 Kh8 24.Be4 Rcd8 25.Rde1 Nd7 26.Rf3 Qe5 27.Ref1 Qh5 28.Qxh5 gxh5
29.Rf5 Rg8+ 30.Kh1 Rg4 31.Bf3 Rg6 32.Bxh5 Rh6 33.Rd1 {#r} 1-0

[Event "Ch Sweden (team) 2010/11"]
[Site "masterchessopen.com Sweden"]
[Date "2011.02.19"]
[Round "8"]
[White "Brynell Stellan (SWE)"]
[Black "Kulaots Kaido (EST)"]
[Result "1-0"]
[WhiteElo "2491"]
[BlackElo "2592"]

1.d4 Nf6 2.c4 g6 3.g3 Bg7 4.Bg2 d5 5.cxd5 Nxd5 6.e4 Nb6 7.Ne2 c5 8.d5 e6 9.O-O
O-O 10.Nec3 Na6 11.a4 exd5 12.exd5 Nc4 13.Nd2 Nxd2 14.Bxd2 Bf5 15.Be3 Qd7
16.Qb3 Rac8 17.Rfd1 Rfe8 18.Rd2 Nb4 19.Bf1 a6 20.Rc1 Nd3 21.Bxd3 Bxd3 22.Bxc5
Bh6 23.f4 Bxf4 24.gxf4 Qg4+ 25.Rg2 Qxf4 26.Rd1 Rxc5 27.Qxb7 Rxc3 28.bxc3 Qf3
29.Ra1 Be4 30.Qb2 Bxd5 31.c4 Qxg2+ 32.Qxg2 Bxg2 33.Kxg2 Re2+ {#r} 1-0

[Event "Ch Poland"]
[Site "masterchessopen.com Warsaw (Poland)"]
[Date "2011.02.20"]
[Round "9"]
[White "Wojtaszek Radoslaw (POL)"]
[Black "Piorun Kacper (POL)"]
[Result "1-0"]
[WhiteElo "2704"]
[BlackElo "2510"]

1.d4 Nf6 2.c4 g6 3.g3 Bg7 4.Bg2 d5 5.cxd5 Nxd5 6.e4 Nb6 7.Ne2 c5 8.d5 e6 9.O-O
O-O 10.Nec3 Na6 11.a4 exd5 12.exd5 Nc4 13.Nd2 Nxd2 14.Bxd2 Bf5 15.Be3 Qd7
16.d6 Rac8 17.Nd5 Rce8 18.Ne7+ Rxe7 19.dxe7 Qxe7 20.Re1 Bxb2 21.Bh6 Qf6
22.Bxf8 Kxf8 23.Rc1 b6 24.Rc4 Nb4 25.Qd2 g5 26.Re3 Bg6 27.Rf3 Qe5 28.h4 gxh4
29.Re3 Qh8 30.Rxb4 {#r} 1-0

[Event "Extraliga 2010/11"]
[Site "masterchessopen.com Slovakia"]
[Date "2011.03.12"]
[Round "7"]
[White "Tibensky Robert (SVK)"]
[Black "Csiba Dominik (SVK)"]
[Result "0-1"]
[WhiteElo "2410"]
[BlackElo "2357"]

1.d4 Nf6 2.c4 g6 3.g3 Bg7 4.Bg2 d5 5.cxd5 Nxd5 6.e4 Nb6 7.Ne2 Bg4 8.f3 Bd7
9.Nbc3 Na6 10.Be3 c5 11.b3 Rc8 12.Rc1 O-O 13.O-O cxd4 14.Bxd4 Bxd4+ 15.Qxd4
Bc6 16.Qe3 Qd6 17.f4 e5 18.Nb5 Qb8 19.Nec3 Nc7 20.Nd6 exf4 21.gxf4 Rcd8 22.e5
Bxg2 23.Kxg2 f5 24.Qf3 Ne6 25.Nd5 Nxd5 26.Qxd5 Rfe8 27.Rc3 Re7 28.Rfc1 Kg7
29.Kf3 b5 30.Rc6 a6 31.h4 Nc7 32.Qc5 Rdd7 33.Kg3 Ne6 34.Qc3 Rc7 35.Qe3 Qa8
36.Rxc7 Rxc7 37.Rxc7+ Nxc7 38.Qb6 Nd5 39.Qc5 b4 40.e6 Kf6 41.e7 Kxe7 42.Nb7+
Kd7 43.Qxd5+ Kc7 44.Qf7+ Kb8 45.Qxh7 Qxb7 46.Qxb7+ Kxb7 47.h5 gxh5 48.Kh4 Kc6
49.Kxh5 Kd5 {#R} 0-1

[Event "Zt (w)"]
[Site "masterchessopen.com Tianjin (China)"]
[Date "2011.03.21"]
[Round "2"]
[White "Ju Wenjun (CHN)"]
[Black "Wang Jue (CHN)"]
[Result "1-0"]
[WhiteElo "2536"]
[BlackElo "2312"]

1.d4 Nf6 2.c4 g6 3.g3 Bg7 4.Bg2 d5 5.cxd5 Nxd5 6.e4 Nb6 7.Ne2 c5 8.d5 e6 9.O-O
O-O 10.Nec3 Na6 11.a4 exd5 12.exd5 Nc4 13.Nd2 Ne5 14.Nde4 h6 15.d6 Bg4 16.Qd5
Nb4 17.Qxc5 Ned3 18.Qe3 f5 19.Nc5 f4 20.gxf4 Qxd6 21.Nxd3 Qxd3 22.Nd5 Qxe3
23.Bxe3 Nc6 24.Rac1 Bf5 25.b4 Rae8 26.Rfd1 Bb2 27.Rc4 Bg4 28.Rd2 Bg7 29.h3 Be6
30.b5 Ne7 31.Rc7 Nf5 32.Rxb7 Nxe3 33.fxe3 Bxd5 34.Bxd5+ Kh8 35.Kf2 g5 36.Bc6
Rd8 37.Rxd8 Rxd8 38.fxg5 hxg5 39.Rxa7 Rd2+ 40.Kf3 Rh2 41.b6 Rxh3+ 42.Ke4 Rh4+
43.Kf5 Rc4 44.Bd5 Rc5 45.Ke4 {#r} 1-0

[Event "Ch Europe"]
[Site "masterchessopen.com Aix les Bains (France)"]
[Date "2011.04.02"]
[Round "11"]
[White "Zueger Beat (SUI)"]
[Black "Antal Gergely (HUN)"]
[Result "0-1"]
[WhiteElo "2426"]
[BlackElo "2531"]

1.c4 Nf6 2.d4 g6 3.g3 Bg7 4.Bg2 d5 5.cxd5 Nxd5 6.e4 Nb6 7.Ne2 c5 8.d5 e6 9.O-O
exd5 10.exd5 O-O 11.Nec3 N8d7 12.Na3 Ne5 13.Be3 Bg4 14.f3 Bf5 15.Bxc5 Re8
16.g4 Bd3 17.Rf2 Nxd5 18.f4 Nxc3 19.bxc3 Nc6 20.Qa4 Bxc3 21.Rd1 Re1+ 22.Rxe1
Bxe1 23.Rb2 Qa5 24.Qxa5 Nxa5 25.Nb5 Rc8 26.Bf2 Bb4 27.Bd5 Be7 28.Nxa7 Rc1+
29.Kg2 Bf6 30.Rb6 Bf1+ 31.Kg3 Rc3+ 32.Bf3 Bh4+ 33.Kxh4 Rxf3 34.Bg3 Nc4 35.Rxb7
Ne3 36.Nc6 h6 37.g5 h5 38.Ne5 Nf5# 0-1

[Event "Tournament (open) (b)"]
[Site "masterchessopen.com Zhukovsky (Russia)"]
[Round "6"]
[White "Malyshev Boris (RUS)"]
[Black "Tselyutin Viktor (RUS)"]
[Result "0-1"]
[WhiteElo "1584"]
[BlackElo "1844"]

1.d4 Nf6 2.c4 g6 3.g3 Bg7 4.Bg2 d5 5.cxd5 Nxd5 6.e4 Nb6 7.Ne2 Nc6 8.Be3 Nc4
9.O-O Nxe3 10.fxe3 O-O 11.e5 e6 12.Nbc3 Ne7 13.Nf4 Nf5 14.Qd3 c5 15.Rad1 Qa5
16.Be4 Rd8 17.Bxf5 exf5 18.Qc4 Bd7 19.e6 fxe6 20.Nxe6 Bxe6 21.Qxe6+ Kh8 22.Qc4
cxd4 23.exd4 Rac8 24.Qb5 Qxb5 25.Nxb5 a6 26.Nc3 Bxd4+ 27.Kh1 b5 28.Rf3 Bxc3
29.Rxd8+ Rxd8 30.bxc3 Rd2 31.a3 Ra2 32.c4 bxc4 33.Rc3 Kg7 34.Rxc4 Rxa3 35.Rc7+
Kh6 36.Kg2 a5 37.Rc4 Kg5 38.h3 a4 39.Kf1 Rxg3 {#R} 0-1

[Event "Ch Europe (w)"]
[Site "masterchessopen.com Tbilisi (Georgia)"]
[Date "2011.05.17"]
[Round "10"]
[White "Houska Jovanka (ENG)"]
[Black "Mammadova Gulnar (AZE)"]
[Result "1-0"]
[WhiteElo "2427"]
[BlackElo "2290"]

1.d4 Nf6 2.c4 g6 3.g3 Bg7 4.Bg2 d5 5.cxd5 Nxd5 6.e4 Nb6 7.Ne2 O-O 8.O-O Nc6
9.d5 Na5 10.Nbc3 e6 11.b3 exd5 12.exd5 c6 13.Ba3 Re8 14.d6 Bg4 15.f3 Be6
16.Rc1 Nc8 17.Qd2 Bd5 18.Nf4 Be6 19.Nxe6 Rxe6 20.Ne4 b6 21.Ng5 Rf6 22.f4 h6
23.Ne4 Rf5 24.b4 Rd5 25.Qc2 f5 26.bxa5 fxe4 27.Qxc6 {#r} 1-0

[Event "Ch France (team) 2011"]
[Site "masterchessopen.com Mulhouse (France)"]
[Date "2011.05.28"]
[Round "3"]
[White "Tregubov Pavel V (RUS)"]
[Black "Jens Jelmer (NED)"]
[Result "0-1"]
[WhiteElo "2602"]
[BlackElo "2382"]

1.d4 Nf6 2.c4 g6 3.g3 Bg7 4.Bg2 d5 5.cxd5 Nxd5 6.e4 Nb6 7.Ne2 c5 8.d5 O-O
9.O-O e6 10.Nbc3 Na6 11.Nf4 e5 12.Nh3 Nc4 13.Qe2 Nd6 14.f4 Rb8 15.Ng5 b5
16.Nf3 b4 17.fxe5 bxc3 18.bxc3 Nb5 19.Bf4 Nxc3 20.Qc4 Nb5 21.a3 Rb6 22.Ra2 Bg4
23.a4 Nbc7 24.e6 fxe6 25.d6 Rxd6 26.Bxd6 Qxd6 27.Rd2 Qe7 28.Ne1 Bd4+ 29.Kh1
Rxf1+ 30.Bxf1 Qg5 31.Rxd4 cxd4 32.Qxd4 Qc5 33.Qd8+ Qf8 34.Qd3 Nc5 35.Qc4 Qf2
36.h3 Qxe1 {#R} 0-1

[Event "It (open)"]
[Site "masterchessopen.com Voronezh (Russia)"]
[Date "2011.06.13"]
[Round "2"]
[White "Galojan Lilit (ARM)"]
[Black "Zakharchenko Arnold (UKR)"]
[Result "1-0"]
[WhiteElo "2389"]
[BlackElo "2225"]

1.d4 Nf6 2.c4 g6 3.g3 d5 4.cxd5 Nxd5 5.Bg2 Nb6 6.e4 Bg7 7.Ne2 O-O 8.O-O Nc6
9.d5 Ne5 10.Nbc3 c6 11.f4 Ng4 12.dxc6 bxc6 13.Qxd8 Rxd8 14.e5 Nd5 15.Nd4 Bb7
16.Nxd5 cxd5 17.h3 Nh6 {#r} 1-0

[Event "Ch Turkey (team) (2 league)"]
[Site "masterchessopen.com Konya (Turkey)"]
[Date "2011.07.05"]
[Round "2"]
[White "Hamitevici Vladimir (MDA)"]
[Black "Safarli Eltaj (AZE)"]
[Result "0-1"]
[WhiteElo "2438"]
[BlackElo "2627"]

1.d4 Nf6 2.c4 g6 3.g3 Bg7 4.Bg2 d5 5.cxd5 Nxd5 6.e4 Nb6 7.Ne2 c5 8.d5 e6 9.O-O
O-O 10.Nec3 Na6 11.a4 exd5 12.exd5 Nc4 13.Nd2 Ne5 14.Nde4 Bg4 15.f3 Bd7 16.Bg5
f6 17.Bf4 f5 18.Ng5 Qb6 19.Qe2 Nd3 20.Qxd3 c4+ 21.Be3 cxd3 22.Bxb6 axb6 23.Ne6
Bxc3 24.bxc3 Rfc8 25.Nf4 Rxc3 26.d6 Bc6 27.Rfc1 Rxc1+ 28.Rxc1 Nc5 29.Bf1 Rxa4
30.Nxd3 Nxd3 31.Bxd3 Rd4 32.Bc4+ Kf8 33.Kf2 Rxd6 34.Ke3 b5 35.Ba2 Rd8 36.Rc5
Ke7 37.Re5+ Kd7 38.Kf4 Re8 39.Rxe8 Kxe8 40.g4 fxg4 41.fxg4 Ke7 42.g5 Be8
43.Ke5 Bf7 44.Bb1 b4 45.h4 b3 46.Be4 b2 47.Bb1 Be6 {#R} 0-1

[Event "Memorial L.Polugaevsky (open)"]
[Site "masterchessopen.com Samara (Russia)"]
[Date "2011.07.05"]
[Round "1"]
[White "Ushakova Irina (RUS)"]
[Black "Kovalenko Igor (UKR)"]
[Result "0-1"]
[WhiteElo "2134"]
[BlackElo "2578"]

1.d4 Nf6 2.c4 g6 3.g3 Bg7 4.Bg2 d5 5.cxd5 Nxd5 6.e4 Nb6 7.Ne2 c5 8.d5 O-O
9.Nbc3 e6 10.O-O exd5 11.exd5 Bf5 12.h3 c4 13.Re1 Na6 14.g4 Bd3 15.Be3 Nb4
16.Bc5 Nc2 17.Bxf8 Qxf8 18.Nf4 Qb4 19.Nxd3 cxd3 20.Rb1 Nxe1 21.Qxe1 Nc4 22.a3
Qb3 23.Qd1 Qxd1+ 24.Nxd1 Re8 25.Ne3 Nxb2 26.Kf1 b5 27.Bf3 a6 28.Rc1 Bf8 29.Rc6
Bxa3 30.Rxa6 Bc5 31.Nd1 Nxd1 32.Bxd1 d2 33.Be2 Rd8 34.Bd1 Rxd5 35.Ke2 Bb4
36.Rb6 Bc3 37.Rb7 b4 38.Bb3 d1=Q+ 39.Bxd1 {#R} 0-1

[Event "Ch Belgium (open)"]
[Site "masterchessopen.com Antwerpen (Belgium)"]
[Date "2011.07.06"]
[Round "5"]
[White "Sadkowsky Daniel (BEL)"]
[Black "Van Den Brande Werner (BEL)"]
[Result "1-0"]
[WhiteElo "2277"]
[BlackElo "2225"]

1.d4 Nf6 2.c4 g6 3.g3 Bg7 4.Bg2 d5 5.cxd5 Nxd5 6.e4 Nb6 7.Ne2 O-O 8.O-O c5
9.dxc5 Qxd1 10.Rxd1 Na4 11.Nbc3 Nxc5 12.Be3 Ne6 13.Nd5 Nc6 14.Rd2 h6 15.Rc1
Kh7 16.f4 Rd8 17.b4 Bd7 18.Rcd1 Nf8 19.Bc5 e6 20.Nc7 Rac8 21.Bxf8 Rxc7 22.Bd6
Rcc8 23.b5 {#r} 1-0

[Event "It (cat.9)"]
[Site "masterchessopen.com Krakow (Poland)"]
[Date "2011.07.08"]
[Round "7"]
[White "Banusz Tamas (HUN)"]
[Black "Andersen Mads (DEN)"]
[Result "1-0"]
[WhiteElo "2552"]
[BlackElo "2398"]

1.d4 Nf6 2.c4 g6 3.g3 Bg7 4.Bg2 d5 5.cxd5 Nxd5 6.e4 Nb6 7.Ne2 e5 8.d5 c6
9.Nbc3 O-O 10.O-O cxd5 11.exd5 Na6 12.b3 f5 13.Ba3 Rf7 14.Qd2 Qe8 15.Rac1 Bd7
16.Rfe1 Rd8 17.Nd4 Nc8 18.Nf3 b5 19.Nxe5 b4 20.Nxf7 Qxf7 21.Qd3 bxa3 22.Qxa6
f4 23.d6 Kh8 24.Qc4 Nxd6 25.Qxf7 Nxf7 26.Red1 fxg3 27.hxg3 Kg8 28.Nb1 Bb2
29.Rc7 Bf5 30.Rxd8+ Nxd8 31.Nd2 a6 32.Ra7 Bd3 33.Rd7 {#r} 1-0

[Event "It (open)"]
[Site "masterchessopen.com Oberwart (Austria)"]
[Date "2011.07.10"]
[Round "2"]
[White "Markus Robert (SRB)"]
[Black "Neumeier Klaus (AUT)"]
[Result "0-1"]
[WhiteElo "2635"]
[BlackElo "2293"]

1.d4 Nf6 2.c4 g6 3.g3 Bg7 4.Bg2 d5 5.cxd5 Nxd5 6.e4 Nb6 7.Ne2 O-O 8.O-O Nc6
9.d5 Nb8 10.Nbc3 c6 11.b3 cxd5 12.exd5 Na6 13.Bg5 h6 14.Be3 Bg4 15.Bd4 Bxe2
16.Nxe2 Qd6 17.Bxg7 Kxg7 18.Qd4+ Qf6 19.d6 Rab8 20.dxe7 Rfe8 21.Qxf6+ Kxf6
22.Nc3 Nc5 23.Rac1 Ne6 24.a4 a5 25.Ne4+ Kxe7 26.Nc5 Nd4 27.Rcd1 Rec8 28.Nxb7
Nxb3 29.Rfe1+ Kf8 30.Rb1 Rc3 31.Re3 Rc1+ 32.Rxc1 Nxc1 33.Ra3 Nc4 34.Ra1 Nb3
35.Rd1 Rc8 36.Bf1 Nb2 37.Rd7 Nc5 38.Nxc5 Rxc5 39.Bb5 Nc4 40.Ra7 Kg7 41.Kg2 h5
42.Kf3 Nd2+ 43.Ke3 Nb3 44.Kd3 Nc1+ 45.Ke4 Nb3 46.Rd7 Rxb5 {#R} 0-1

[Event "It (open)"]
[Site "masterchessopen.com Barbera (Spain)"]
[Date "2011.07.11"]
[Round "8"]
[White "Duran Reinaldo (VEN)"]
[Black "Phadke Sohan (IND)"]
[Result "0-1"]
[WhiteElo "2126"]
[BlackElo "2294"]

1.d4 Nf6 2.c4 g6 3.g3 Bg7 4.Bg2 d5 5.cxd5 Nxd5 6.e4 Nb6 7.Ne2 e5 8.Nbc3 exd4
9.Nb5 a6 10.Nbxd4 c5 11.Nb3 Qxd1+ 12.Kxd1 Na4 13.Kc2 Nc6 14.Nc3 b5 15.Nxa4
bxa4 16.Nxc5 a3 17.e5 Bf5+ 18.Kb3 Rb8+ 19.Kxa3 Nxe5 20.Bd5 Rb5 21.Be3 O-O
22.Rad1 Rfb8 23.b3 Ra5+ 24.Na4 Bf8+ 25.Kb2 Rxa4 26.Bf4 {#R} 0-1

[Event "It \"]
[Site "masterchessopen.com Hamburg (Germany)"]
[Date "2011.07.15"]
[Round "8"]
[White "Korba Roman (GER)"]
[Black "Frey Alisa (GER)"]
[Result "1-0"]
[WhiteElo "2232"]
[BlackElo "2104"]

1.d4 Nf6 2.c4 g6 3.g3 Bg7 4.Bg2 d5 5.cxd5 Nxd5 6.e4 Nb6 7.Ne2 Nc6 8.d5 Ne5
9.O-O O-O 10.Nbc3 c6 11.f4 Nec4 12.dxc6 Qxd1 13.Rxd1 bxc6 14.b3 Bg4 15.e5 Na5
16.Ba3 Nd5 17.Nxd5 cxd5 18.Rxd5 Nc6 19.Kf2 Rac8 20.Rc1 f6 21.Rdc5 Nb8 22.Bd5+
Kh8 23.Rxc8 Rxc8 24.Rxc8+ Bxc8 25.e6 Na6 26.Nd4 Nc7 27.Bc4 f5 28.Bc5 a6 29.Ke3
Bf6 30.b4 Kg8 31.a4 Kf8 32.b5 Bxd4+ 33.Kxd4 axb5 34.axb5 Nxe6+ 35.Kd5 Nd8
36.Bd4 Be6+ 37.Kc5 Nb7+ 38.Kb4 Bd7 39.Bd5 Nd6 40.b6 Bc8 41.Kc5 Ke8 42.Be5 Nb7+
43.Kc6 Kd8 44.h4 Na5+ 45.Kb5 e6 46.Bc6 {#r} 1-0

[Event "Memorial M.Najdorf (open)"]
[Site "masterchessopen.com Warsaw (Poland)"]
[Date "2011.07.22"]
[Round "9"]
[White "Johansson Thomas (SWE)"]
[Black "Solys Laimutis (LTU)"]
[Result "0-1"]
[WhiteElo "2173"]
[BlackElo "2335"]

1.d4 Nf6 2.c4 g6 3.g3 Bg7 4.Bg2 d5 5.cxd5 Nxd5 6.e4 Nb6 7.Ne2 O-O 8.O-O Na6
9.Nbc3 c5 10.d5 e6 11.Bf4 exd5 12.exd5 Bf5 13.d6 Qd7 14.Nd5 Nxd5 15.Qxd5 Rab8
16.Nc3 Rfc8 17.a3 c4 18.Rfe1 Be6 19.Qd2 Nc5 20.Bh6 Bxh6 21.Qxh6 Qxd6 22.Ne4
Nxe4 23.Rxe4 Qf8 24.Qe3 Qg7 25.Re5 b5 26.h4 a5 27.h5 b4 28.h6 Qf6 29.axb4 axb4
30.Ra6 c3 31.bxc3 bxc3 32.Rc5 c2 33.Rac6 Rxc6 34.Rxc6 Qd8 35.Be4 Qd1+ 36.Kh2
Rb1 {#R} 0-1

[Event "Ch Great Britain"]
[Site "masterchessopen.com Sheffield (England)"]
[Date "2011.07.26"]
[Round "2"]
[White "Abildgaard Kim"]
[Black "Brown Martin (ENG)"]
[Result "1-0"]
[WhiteElo "2418"]
[BlackElo "2173"]

1.d4 Nf6 2.c4 g6 3.g3 Bg7 4.Bg2 d5 5.cxd5 Nxd5 6.e4 Nb6 7.Ne2 O-O 8.O-O Na6
9.Nbc3 c5 10.d5 Bd7 11.a4 Nc4 12.b3 Na5 13.Be3 Rc8 14.Rb1 Nb4 15.Qd2 e6 16.Bg5
Qb6 17.Bh6 Bxh6 18.Qxh6 exd5 19.exd5 Qf6 20.Ne4 Qe5 21.Qh4 f6 22.Nxc5 Rxc5
23.Qxb4 b6 24.Nd4 Bc8 25.Rfe1 Qd6 26.Rbd1 Rd8 27.h3 Rxd5 28.Bxd5+ Qxd5 29.Qe7
Bb7 30.Qe6+ Qxe6 31.Nxe6 Rxd1 32.Rxd1 Nxb3 33.Rd8+ Kf7 34.Rd7+ Kxe6 35.Rxb7 h5
36.Rxa7 Nc5 37.Kf1 f5 38.Ke2 Ke5 39.Ke3 Kd5 40.h4 Ke5 41.a5 bxa5 42.Rxa5 Kd6
43.Rxc5 Kxc5 44.Kf4 {#r} 1-0

[Event "It (open)"]
[Site "masterchessopen.com Sabadell (Spain)"]
[Date "2011.08.11"]
[Round "2"]
[White "Cordova Emilio (PER)"]
[Black "Perpinya Rofes Lluis Maria (ESP)"]
[Result "1-0"]
[WhiteElo "2560"]
[BlackElo "2391"]

1.d4 Nf6 2.c4 g6 3.g3 Bg7 4.Bg2 d5 5.cxd5 Nxd5 6.e4 Nb6 7.Ne2 c5 8.d5 e6 9.O-O
exd5 10.exd5 O-O 11.Nec3 Nc4 12.Nd2 Ne5 13.Nde4 Bg4 14.f3 Bf5 15.Nxc5 Qb6
16.Na4 Qb5 17.f4 Nbd7 18.Ne4 Bg4 19.Qc2 Rac8 20.Nac3 Qd3 21.Qxd3 Nxd3 22.h3
Bf5 23.Nd6 Bxc3 24.bxc3 Rxc3 25.g4 Nxc1 26.Raxc1 Rxc1 27.Rxc1 Bd3 28.Nxb7 Nb6
29.d6 Bb5 30.Rc5 a6 31.Bc6 Rb8 32.Bxb5 axb5 33.Rxb5 Rxb7 34.a4 Kf8 35.a5 Ke8
36.Rxb6 Ra7 37.a6 {#r} 1-0

[Event "It \"]
[Site "masterchessopen.com Sunningdale (England)"]
[Date "2011.08.11"]
[Round "3"]
[White "Thompson Robert (ENG)"]
[Black "Stewart Ashley (ENG)"]
[Result "1-0"]
[WhiteElo "1954"]
[BlackElo "1994"]

1.c4 Nf6 2.g3 g6 3.Bg2 d5 4.cxd5 Nxd5 5.d4 Bg7 6.e4 Nb6 7.Ne2 c5 8.d5 Na6
9.Nbc3 e6 10.O-O O-O 11.Nf4 exd5 12.exd5 Nc4 13.Qb3 Nd6 14.Ne4 Nf5 15.Be3 Re8
16.Rac1 Nd4 17.Bxd4 cxd4 18.d6 Rb8 19.Nd5 Be6 20.Qb5 Bxd5 21.Qxd5 Nb4 22.Qc4
Nc6 23.b4 Qd7 24.Ng5 Ne5 25.Qd5 Rbd8 26.f4 Ng4 27.Rc7 Qf5 28.Qxf7+ Qxf7
29.Nxf7 Ne3 30.Rfc1 d3 31.Nxd8 d2 32.Nxb7 dxc1=Q+ 33.Rxc1 Bd4 34.Kh1 Bb6 35.d7
Re7 36.Rc8+ Kg7 37.d8=Q Bxd8 38.Nxd8 Rd7 39.Bf3 Rd2 40.Rc7+ Kg8 41.Re7 Nd1
42.Re8+ Kg7 43.Bxd1 Rxd1+ 44.Kg2 {#r} 1-0

[Event "It (open)"]
[Site "masterchessopen.com Schwarzach (Austria)"]
[Date "2011.08.21"]
[Round "2"]
[White "Bukal Vladimir (CRO)"]
[Black "Zakharchenko Arnold (UKR)"]
[Result "1-0"]
[WhiteElo "2403"]
[BlackElo "2202"]

1.d4 Nf6 2.c4 g6 3.g3 Bg7 4.Bg2 d5 5.cxd5 Nxd5 6.e4 Nb6 7.Ne2 O-O 8.O-O Nc6
9.d5 Na5 10.Nbc3 e6 11.Bf4 exd5 12.exd5 Nac4 13.b3 Ne5 14.h3 c6 15.d6 Be6
16.Ne4 Nbd7 17.Qc2 h6 18.Rad1 f5 19.N4c3 Qf6 20.Bc1 Kh7 21.Bb2 Bg8 22.f4 Nf7
23.Na4 Qd8 24.Nd4 Nh8 25.Rfe1 Re8 26.h4 h5 27.Nf3 Bxb2 28.Qxb2 Nf7 29.Rxe8
Qxe8 30.Re1 Qf8 31.Re7 Rd8 32.Ng5+ Kh6 33.Ne6 {#r} 1-0

[Event "It (open)"]
[Site "masterchessopen.com Schwarzach (Austria)"]
[Date "2011.08.27"]
[Round "8"]
[White "Bukal Vladimir (CRO)"]
[Black "Jens Jelmer (NED)"]
[Result "1-0"]
[WhiteElo "2403"]
[BlackElo "2382"]

1.d4 Nf6 2.c4 g6 3.g3 Bg7 4.Bg2 d5 5.cxd5 Nxd5 6.e4 Nb6 7.Ne2 c5 8.d5 O-O
9.O-O e6 10.Nec3 Na6 11.a4 Nb4 12.Be3 Bd4 13.Bh6 Re8 14.Nd2 exd5 15.Nb3 Bh8
16.a5 Nc4 17.Nxc5 d4 18.Nd5 Nxd5 19.exd5 Nd6 20.Re1 Rxe1+ 21.Qxe1 Bf5 22.Qb4
Rb8 23.Bf4 g5 24.Ne6 fxe6 25.Bxd6 Rc8 26.h3 e5 27.Re1 Qe8 28.Be7 Qg6 29.g4 Bd7
30.Qxb7 Qe8 31.d6 {#r} 1-0